书目信息 |
| 题名: |
网上休闲
|
|
| 作者: | 陈露晓 主编 ;张联刚 , 孔珅 , 耿毅分册 分册主编 | |
| 分册: | ||
| 出版信息: | 北京 中国社会出版社 2010.01 |
|
| 页数: | 143页 | |
| 开本: | 21cm | |
| 丛书名: | 老年人网络新生活丛书 | |
| 单 册: | ||
| 中图分类: | G899 | |
| 科图分类: | ||
| 主题词: | 互联网络--hu lian wang luo--游戏--基本知识 | |
| 电子资源: | ||
| ISBN: | 978-7-5087-2837-7 | |
| 000 | 01132nam 2200289 450 | |
| 001 | 012011651234 | |
| 005 | 20111117165257.90 | |
| 010 | @a978-7-5087-2837-7@dCNY10.00 | |
| 100 | @a20111117d2010 em y0chiy0120 ea | |
| 101 | 0 | @achi |
| 102 | @aCN@b110000 | |
| 105 | @aa z 000yy | |
| 106 | @ar | |
| 200 | 1 | @a网上休闲@Awang shang xiu xian@f陈露晓主编@Fzhu bian chen lu xiao@g张联刚, 孔珅, 耿毅分册主编@Gzhang lian gang,kong shen,geng yi fen ce zhu bian |
| 210 | @a北京@c中国社会出版社@d2010.01 | |
| 215 | @a143页@c图@d21cm | |
| 225 | 2 | @a老年人网络新生活丛书@Alao nian ren wang luo xin sheng huo cong shu |
| 330 | @a本书共分六章,内容包括:网络游戏初接触、网络休闲游戏网站简要介绍、QQ游戏初级教程、帮你扫遍QQ游戏、联众游戏初级教程、网页游戏任你玩。 | |
| 410 | 0 | @12001 @a老年人网络新生活丛书 |
| 606 | 0 | @a互联网络@Ahu lian wang luo@x游戏@x基本知识 |
| 690 | @aG899@v4 | |
| 701 | 0 | @a陈露晓@Achen lu xiao@4主编 |
| 702 | 0 | @a张联刚@Azhang lian gang@4分册主编 |
| 702 | 0 | @a孔珅@Akong shen@4分册主编 |
| 702 | 0 | @a耿毅分册@Ageng yi fen ce@4分册主编 |
| 801 | 0 | @aCN@bQSSK@c20111117 |
| 905 | @b795222-24@dG899@eC507@f3 | |
| 网上休闲/陈露晓主编/张联刚, 孔珅, 耿毅分册主编.-北京:中国社会出版社,2010.01 |
| 143页:图;21cm.-(老年人网络新生活丛书) |
| ISBN 978-7-5087-2837-7:CNY10.00 |
| 本书共分六章,内容包括:网络游戏初接触、网络休闲游戏网站简要介绍、QQ游戏初级教程、帮你扫遍QQ游戏、联众游戏初级教程、网页游戏任你玩。 |
| ● |
| 相关链接 |
|
|
|
正题名:网上休闲
索取号:G899/C507
 
预约/预借
| 序号 | 登录号 | 条形码 | 馆藏地/架位号 | 状态 | 备注 |
| 1 | 795222 | 207952223 | 社科库409/409社科库 30排3列4层/ [索取号:G899/C507] | 在馆 | |
| 2 | 795223 | 207952232 | 社科库409/409社科库 30排3列4层/ [索取号:G899/C507] | 在馆 | |
| 3 | 795224 | 207952241 | 社科库409/409社科库 30排3列4层/ [索取号:G899/C507] | 在馆 |